Statistics for Top 3 NBA 2K21 Players by College: C-USA

Click here to take the quiz!

General Stats

  • This quiz has been taken 12 times
  • The average score is 2 of 6

Answer Stats

CollegePlayerRating% Correct
MarshallHassan Whiteside81
100%
Louisiana TechPaul Millsap79
73%
Old DominionKent Bazemore76
55%
Louisiana TechJalen Harris68
0%
Southern MississippiKeljin Blevins68
0%
UABNate Darling67
0%

Score Distribution

Percentile by Number Answered

Percent of People with Each Score

Your Score History

You have not taken this quiz